000 00629nam a2200217 4500
003 OSt
005 20240729080740.0
006 a
008 240729b |||||||| |||| 00| 0 eng d
020 _a9780136077909
040 _aDWCL-Main lib.
_cOC
082 _2Twelfth edition
_aCirc. 620.103 H624e 2010
100 _aHibbeler, R.C.
245 _aEngineering mechanics : statics /
250 _aTwelfth edition
260 _aN.J. :
_bPrentice Hall,
_cc2010.
300 _axv,
_b655 p. : ill. (some col.) ;
_c25 cm.
504 _aIncludes index.
650 _a1. Statics.
942 _2ddc
_n0
_cBK-CIRC
_eTwelfth edition
_kCirc.
999 _c2930
_d2930